UM Logo

World politics / (Record no. 8022)

MARC details
000 -LEADER
fixed length control field 00521nam a22001577a 4500
008 - FIXED-LENGTH DATA ELEMENTS--GENERAL INFORMATION
fixed length control field 171211b xxu||||| |||| 00| 0 eng d
082 ## - DEWEY DECIMAL CLASSIFICATION NUMBER
Edition number 1991
Classification number DC 327.05
Item number W89
245 ## - TITLE STATEMENT
Title World politics /
Statement of responsibility, etc. edited by Suzanne P. Ogden.
250 ## - EDITION STATEMENT
Edition statement Twelfth edition.
260 ## - PUBLICATION, DISTRIBUTION, ETC. (IMPRINT)
Place of publication, distribution, etc. Virginia :
Name of publisher, distributor, etc. The Duskin Publishing Group,
Date of publication, distribution, etc. © 1991.
300 ## - PHYSICAL DESCRIPTION
Extent vi,246 pages :
Other physical details illustrations ;
Dimensions 28 cm.
500 ## - GENERAL NOTE
General note Includes index and glossary.
650 #0 - SUBJECT ADDED ENTRY--TOPICAL TERM
9 (RLIN) 24727
Topical term or geographic name as entry element World politics.
700 ## - ADDED ENTRY--PERSONAL NAME
9 (RLIN) 24728
Personal name Ogden, Suzanne P.,editor.
942 ## - ADDED ENTRY ELEMENTS (KOHA)
Source of classification or shelving scheme Dewey Decimal Classification
Koha item type Circulation
Holdings
Withdrawn status Lost status Source of classification or shelving scheme Damaged status Not for loan Collection code Home library Current library Date acquired Source of acquisition Total Checkouts Full call number Barcode Date last seen Price effective from Koha item type
    Dewey Decimal Classification     Circulation UM Digos College - LIC UM Digos College - LIC 02/26/1994 Purchased   DC 327.05 W89 1991 11215 05/15/2025 12/11/2017 Circulation